| 000 | 00890nam a2200193 a 4500 | ||
|---|---|---|---|
| 008 | 120416s1985 ||||||||||||||||| || u | ||
| 050 | _aTH 435 See | ||
| 100 | _aSeeley, Ivor H | ||
| 245 | 1 | 0 | _aBuilding quantities explained. (3rd ed.) |
| 250 | _a3rd ed. | ||
| 260 |
_aLondon: _bMacmillan _c1985 |
||
| 300 | _axiii, 273p. : ill. | ||
| 350 | _a0.00 | ||
| 650 | _aBUILDING | ||
| 650 | _aBUILDING--ESTIMATES--GREAT BRITAIN--TERMINOLOGY | ||
| 995 |
_aMAIN LIBRARY OPEN ACCESS _D0.00 _e015269 _FCBU-MAIN LIBRARY (Kitwe) _H1 _I7.45 _jTH 435 See _ULOST _y015269 _ZMain Library Open Access Collection |
||
| 995 |
_aBINDERY (DAMAGED) _D0.00 _e711107 _FCBU-MAIN LIBRARY (Kitwe) _H3 _I7.45 _jTH 435 See _M1 _UDAMAGED _y015267 _ZMain Library Open Access Collection |
||
| 995 |
_aBINDERY (DAMAGED) _D0.00 _e709205 _FCBU-MAIN LIBRARY (Kitwe) _H2 _I7.45 _jTH 435 See _M1 _UDAMAGED _y015268 _ZMain Library Open Access Collection |
||
| 999 |
_c78938 _d78938 |
||